Recomendaciones

Se dan a conocer las recomendaciones formuladas en la conferencia regional sobre higiene mental celebra en San José Costa Rica en mayo de 1955. La finalidad de la conferencia fue el reunir a representantes de distintos países de América cuyos problemas de higiene mental son similares, esto para anal...

Повний опис

Збережено в:
Бібліографічні деталі
Формат: Текст
Предмети:
Теги: Додати тег
Немає тегів, Будьте першим, хто поставить тег для цього запису!

MARC

LEADER 00000 a a2200000 04500
001 14396
003
040
245 |a Recomendaciones  
520 |a Se dan a conocer las recomendaciones formuladas en la conferencia regional sobre higiene mental celebra en San José Costa Rica en mayo de 1955. La finalidad de la conferencia fue el reunir a representantes de distintos países de América cuyos problemas de higiene mental son similares, esto para analizarlos y buscar la forma más adecuada de resolverlos, intercambiar ideas sobre aspectos fundamentales del tema con relación a la comunidad y con la educación pública. Entre las recomendaciones destacan la de crear en el Ministerio de Salud un departamento encargado de la higiene mental, preparar el personal de forma adecuada para la atención de estos problemas, trabajar en equipo aprovechando las cualidades de los distintos profesionales, el analizar la validez de realizar pruebas psicométricas a los niños antes de ingresar a las escuelas, incrementar el número de escuelas y centros especializados, estas son algunas de las principales recomendaciones para los países de la región centroamericano, además de Colombia, Ecuador y Puerto Rico. LOB/LOB  
650 |a PUB.IIS  
650 |a CONFERENCIAS  
650 |a SALUD MENTAL  
650 |a EDUCACION  
650 |a PAISES EN DESARROLLO  
773 |g volumen 1, número 1; páginas 311-313  
999 |c 26711  |d 26711